Central Library OPAC University of Rajshahi

Design of concrete structures (Record no. 13422)

MARC details
000 -LEADER
fixed length control field 00896cam a22002891 4500
001 - CONTROL NUMBER
control field 13422
003 - CONTROL NUMBER IDENTIFIER
rucl marc code BD-RjUL
005 - DATE AND TIME OF LATEST TRANSACTION
control field 20211208235442.0
008 - FIXED-LENGTH DATA ELEMENTS--GENERAL INFORMATION
fixed length control field 140201s1964 nyua 001 0 eng d
035 ## - SYSTEM CONTROL NUMBER
System control number (BD-RjUL)13473
System control number (OCoLC)1100894
040 ## - CATALOGING SOURCE
Original cataloging agency DLC
Transcribing agency OOxM
Modifying agency OCoLC
-- Uk
-- DLC
-- BD-RjUL
Language of cataloging eng
041 ## - LANGUAGE CODE
Language code of text/sound track or separate title eng
082 ## - DEWEY DECIMAL CLASSIFICATION NUMBER
Classification number 624.183
Author mark and year WID 1964
100 1# - MAIN ENTRY--PERSONAL NAME
Personal name Winter, George,
Dates associated with a name 1907-
9 (RLIN) 41850
245 10 - TITLE STATEMENT
Title Design of concrete structures
Statement of responsibility, etc. George Winter ...[at. al.]
250 ## - EDITION STATEMENT
Edition statement 7th ed.
260 ## - PUBLICATION, DISTRIBUTION, ETC. (IMPRINT)
Place of publication, distribution, etc. New York :
-- London ;
Name of publisher, distributor, etc. McGraw-Hill,
Date of publication, distribution, etc. c1964
300 ## - PHYSICAL DESCRIPTION
Pagination xi, 660 p. :
Illustrations ill. ;
Size 22 cm.
650 #0 - SUBJECT ADDED ENTRY--TOPICAL TERM
Topical term or geographic name as entry element Reinforced concrete construction.
9 (RLIN) 40496
Topical term or geographic name as entry element Prestressed concrete construction.
9 (RLIN) 41852
700 ## - ADDED ENTRY--PERSONAL NAME
Personal name L. C. Urquhart
942 ## - ADDED ENTRY ELEMENTS (KOHA)
Source of classification or shelving scheme Dewey Decimal Classification
Koha item type Books
Holdings
Lost status Source of classification or shelving scheme Damaged status Not for loan Collection code Permanent Location Current Location Shelving location Date acquired Source of acquisition Cost, normal purchase price Total Checkouts Full call number Date last seen Copy number Koha item type
  Dewey Decimal Classification   Not For Loan Non-fiction Central Library, University of Rajshahi Central Library, University of Rajshahi Reading Room 03/09/1966 Mirza book 52.50   624.183 WID 1964 01/02/2014 C-1 Books